Problemas de álgebra superior

Збережено в:
Бібліографічні деталі
Автори: Faddieev, D (Автор), Sominski, I (Автор)
Формат: Книга
Мова:Іспанська
Опубліковано: Moscú MIR 1971
Предмети:
Теги: Додати тег
Немає тегів, Будьте першим, хто поставить тег для цього запису!

MARC

LEADER 00000nam a2200000 a 4500
001 UCU3036
003 CL-VaPUC
008 960502e19710000ru |||||||||||||||||spa|d
082 0 4 |a 512.7  |b FAD  |2 21 
100 0 |a Faddieev, D  |e author  |9 359710 
700 0 |a Sominski, I  |e author  |9 359711 
245 1 0 |a Problemas de álgebra superior 
300 |a 276 p 
942 |c BK 
945 |d 19960502 00:00:00  |a cmena 
260 |a Moscú  |b MIR  |c 1971 
650 0 |a Álgebra  |9 259567 
650 0 |a Trigonometría   |9 259568 
650 0 |a Ecuaciones algebraicas   |9 359705 
650 0 |a Ecuaciones lineales   |9 342219 
650 0 |a Matrices (Matemáticas)  |9 269972 
650 7 |a DETERMINANTES ECUACIONES  |2 CL-VaPUC  |9 269974 
650 0 |a Polinomios  |9 270626 
650 0 |a Álgebra lineal   |9 260445 
583 |a last modification  |c 20150423 05:42:18  |k Rodrigo Vera 
999 |c 247172  |d 247170 
952 |0 0  |1 0  |4 0  |6 512_700000000000000_FAD_1971  |7 0  |8 A  |9 262835  |a BIBCUR  |b BIBCUR  |d 2019-11-19  |i 4543289  |o 512.7 FAD 1971  |p 4543289  |r 2025-04-22  |w 2019-11-19  |y BK  |k FIS